| 000 | 01461nam0a22003131 4500 | ||
|---|---|---|---|
| 001 | rc\3584527 | ||
| 005 | 20250303101730.0 | ||
| 021 |
_aRU _b[71-40211ж] |
||
| 035 | _a(NLR Aleph) 007805897 | ||
| 090 |
_a7697768 _c7697768 |
||
| 100 | _a20130115d1971 |||y0rusy50 ca | ||
| 101 | 0 | _arus | |
| 102 | _aRU | ||
| 105 | _aab z ||||| | ||
| 200 | 1 |
_aПалеотектонический анализ Таймырской складчатой системы _fПод ред. [и с предисл.] чл.-кор. АН СССР В.Е. Хаина |
|
| 210 |
_aЛенинград _cНедра. Ленингр. отд-ние _d1971 |
||
| 215 |
_a248 с., 2 отд. л. черт. _cчерт., карт. _d22 |
||
| 225 | 1 |
_aТруды Научно-исследовательского института геологии Арктики Министерства геологии СССР _vТ. 166 |
|
| 320 | _aСписок лит.: с. 243-247 | ||
| 606 |
_aСкладчатость горных пород _yТаймырский полуостров _2psbo |
||
| 606 |
_aТектоника _yТаймырский полуостров _2psbo |
||
| 700 | 1 |
_aПогребицкий _bЮ. Е. _f1930- _gЮлиан Евгеньевич |
|
| 702 | 1 |
_aХаин _bВ. Е. _f1914-2009 _gВиктор Ефимович _3RU\NLR\AUTH\777562 _4340 _4080 |
|
| 801 | 0 |
_aRU _bNLR _gpsbo |
|
| 801 | 1 |
_aRU _bELAR _2rusmarc |
|
| 852 |
_aNLR _jП8/247 |
||
| 942 | _cBOOK | ||
| 980 | _aNB | ||